100 Marvel Comic Book Super Villains - Statistics

General Stats
  • This quiz has been taken 516 times
  • The average score is 25 of 100
Answer Stats
# Super Villain % Correct
8 Thanos
92%
3 Green Goblin
88%
5 Loki
84%
2 Magneto
84%
12 Venom
83%
1 Doctor Doom
82%
11 Doctor Octopus
81%
4 Red Skull
80%
74 Sin
79%
6 Galactus
77%
20 Carnage
73%
84 Sandman
72%
90 Electro
69%
7 Ultron
66%
23 Mystique
62%
13 Kang
59%
10 Kingpin
59%
64 Lizard
59%
16 Mandarin
59%
24 Abomination
55%
76 Mysterio
55%
9 Apocalypse
53%
19 Sabretooth
53%
15 Dormammu
52%
88 Hela
50%
45 Ronan
50%
27 Juggernaut
48%
73 Hobgoblin
45%
25 M.O.D.O.K.
44%
14 Mephisto
41%
22 Bullseye
37%
56 Kraven the Hunter
36%
59 Taskmaster
30%
44 Enchantress
27%
39 Grandmaster
23%
46 High Evolutionary
23%
17 Leader
23%
30 Mr. Sinister
23%
62 Lady Deathstrike
21%
50 Emma Frost
20%
57 Crossbones
18%
18 Baron Helmut Zemo
17%
51 Arnim Zola
15%
43 Sebastian Shaw
15%
29 Super Skrull
15%
26 Annihilus
14%
36 Klaw
14%
53 Baron Mordo
13%
72 Executioner
13%
34 Sentinels
12%
54 Surtur
11%
21 Phoenix Force
10%
31 Baron Von Strucker
9%
65 Collector
8%
93 Omega Red
8%
35 Viper
8%
37 Wizard
8%
61 Purple Man
7%
47 Beyonder
6%
96 Blackheart
6%
94 Maximus
6%
78 William Stryker
6%
66 Grim Reaper
5%
52 Justin Hammer
5%
98 Terrax
5%
87 Nimrod
4%
70 Ares
3%
85 Cassandra Nova
3%
68 Madame Masque
3%
60 Mad Thinker
3%
38 Morgan Le Fay
3%
32 Onslaught
3%
97 Selene
3%
82 Stryfe
3%
86 Supreme Intelligence
3%
95 Callisto
2%
48 Graviton
2%
83 Lucia Von Bardas
2%
80 Proteus
2%
92 Red Ghost
2%
55 Sentry
2%
28 Thunderbolt Ross
2%
99 Tiger Shark
2%
63 Baron Heinrich Zemo
1%
58 Count Nefaria
1%
33 Immortus
1%
100 J. Jonah Jameson
1%
77 Korvac
1%
89 Madelyne Pryor
1%
49 Maestro
1%
40 Magus
1%
79 Nuke
1%
41 The Hood
1%
69 Vulcan
1%
42 Doctor Faustus
0%
81 Lilith
0%
71 Nitro
0%
91 Pluto
0%
75 Romulus
0%
67 U-Foes
0%
No matching quizzes found
Score Distribution
Percent of People with Each Score
Percentile by Number Answered
Your Score History
You have not taken this quiz